[Event "Charleroi op"]
[Site "Charleroi"]
[Date "2013.07.29"]
[Round "3"]
[White "Krasucki, Youri"]
[Black "Tomov, Georgi"]
[Result "0-1"]
[WhiteElo "2018"]
[BlackElo "2301"]
[PlyCount "82"]
[EventDate "2013.07.27"]
[EventType "swiss"]
[EventRounds "9"]
[EventCountry "BEL"]
[SourceTitle "CBM 155 Extra"]
[Source "ChessBase"]
[SourceDate "2013.08.26"]
[SourceVersion "1"]
[SourceVersionDate "2013.08.26"]
[SourceQuality "1"]

1. e4 e5 2. Nf3 Nc6 3. d4 exd4 4. Nxd4 Bc5 5. Nxc6 bxc6 6. Bd3 Qh4 7. 0-0 Nf6 8. Qd2 Ng4 9. h3 Ne5 10. Qg5 Qxg5 11. Bxg5 Bd4 12. Nc3 Nxd3 13. cxd3 Rb8 14. Rab1 Ba6 15. Rfd1 0-0 16. Be3 Bxe3 17. fxe3 d6 18. Rd2 Rb4 19. d4 Rfb8 20. b3 Bc8 21. Re1 Kf8 22. Kf2 Ke7 23. Rc1 a5 24. Na4 Bd7 25. Nb2 f6 26. Kf3 Ra8 27. Nd3 Rb5 28. Rc4 h5 29. Nf4 Be8 30. d5 g5 31. Ne6 Rc8 32. Ng7 c5 33. Nf5+ Kf7 34. Nh6+ Kf8 35. g4 h4 36. Rf2 Rb4 37. Rfc2 Bb5 38. Rxb4 axb4 39. Rd2 Ra8 40. Nf5 Bf1 41. Rh2 Bd3 0-1

[Event "BEL FEFB-ch op"]
[Site "Fontaine l'Eveque"]
[Date "2010.05.15"]
[Round "6"]
[White "Dejasse, Daniel"]
[Black "Krasucki, Youri"]
[Result "1/2-1/2"]
[WhiteElo "1673"]
[BlackElo "2020"]
[PlyCount "38"]
[EventDate "2010.05.12"]
[EventType "swiss"]
[EventRounds "7"]
[EventCountry "BEL"]
[SourceTitle "EXT 2019"]
[Source "ChessBase"]
[SourceDate "2018.10.10"]
[SourceVersion "1"]
[SourceVersionDate "2018.10.10"]
[SourceQuality "1"]

1. e4 e6 2. d4 b6 3. Nf3 Bb7 4. Nc3 Bb4 5. Bd3 Ne7 6. 0-0 Bxc3 7. bxc3 0-0 8. e5 Ng6 9. Bg5 Bxf3 10. Qxf3 Qxg5 11. Qxa8 Nc6 12. Qb7 Nh4 13. Be4 Nd8 14. Qxc7 Qg4 15. f4 g5 16. Bf3 Qxf4 17. Bh5 Qe3+ 18. Rf2 Kh8 19. Qxd7 g4 1/2-1/2

[Event "BEL FEFB-ch op"]
[Site "Fontaine l'Eveque"]
[Date "2010.05.13"]
[Round "2"]
[White "Desinte, David"]
[Black "Krasucki, Youri"]
[Result "0-1"]
[WhiteElo "1890"]
[BlackElo "2020"]
[PlyCount "26"]
[EventDate "2010.05.12"]
[EventType "swiss"]
[EventRounds "7"]
[EventCountry "BEL"]
[SourceTitle "EXT 2019"]
[Source "ChessBase"]
[SourceDate "2018.10.10"]
[SourceVersion "1"]
[SourceVersionDate "2018.10.10"]
[SourceQuality "1"]

1. e4 e6 2. d4 b6 3. Nc3 Bb7 4. Nf3 Bb4 5. Bd3 Ne7 6. a3 Bxc3+ 7. bxc3 d5 8. e5 Nd7 9. 0-0 c5 10. Bd2 Qc7 11. Qe2 c4 12. a4 cxd3 13. cxd3 0-0 0-1

[Event "Hainaut-ch"]
[Site "Manage"]
[Date "2008.08.23"]
[Round "1.13"]
[White "Krasucki, Youri"]
[Black "Dejasse, Daniel"]
[Result "1-0"]
[WhiteElo "1938"]
[BlackElo "1484"]
[PlyCount "37"]
[EventDate "2008.08.23"]
[EventType "swiss"]
[EventRounds "9"]
[EventCountry "BEL"]
[SourceTitle "EXT 2024"]
[Source "ChessBase"]
[SourceDate "2023.10.10"]
[SourceVersion "1"]
[SourceVersionDate "2023.10.10"]
[SourceQuality "1"]

1. e4 e5 2. Nf3 Nc6 3. d4 exd4 4. Nxd4 Qh4 5. Nc3 Bb4 6. Be2 Qxe4 7. Ndb5 Qe5 8. f4 Bxc3+ 9. bxc3 Qc5 10. Nxc7+ Kd8 11. Nxa8 b6 12. Qd3 Nf6 13. Be3 Qa5 14. 0-0 Bb7 15. Nxb6 axb6 16. Rab1 Kc8 17. Bxb6 Ba6 18. Qd6 Ne8 19. Bxa5 1-0

[Event "Hainaut-ch"]
[Site "Manage"]
[Date "2008.08.23"]
[Round "7.8"]
[White "Krasucki, Youri"]
[Black "Mastalerz, Xavier"]
[Result "1/2-1/2"]
[WhiteElo "1938"]
[BlackElo "1950"]
[PlyCount "43"]
[EventDate "2008.08.23"]
[EventType "swiss"]
[EventRounds "9"]
[EventCountry "BEL"]
[SourceTitle "EXT 2024"]
[Source "ChessBase"]
[SourceDate "2023.10.10"]
[SourceVersion "1"]
[SourceVersionDate "2023.10.10"]
[SourceQuality "1"]

1. e4 e5 2. Nc3 Nc6 3. g3 Bc5 4. Bg2 d6 5. Nge2 a6 6. 0-0 Be6 7. h3 Nge7 8. Kh2 0-0 9. g4 Ng6 10. d3 Qh4 11. Ng3 Nf4 12. Nf5 Bxf5 13. exf5 Bxf2 14. Ne4 Bb6 15. Rxf4 exf4 16. Bxf4 f6 17. c4 Bd4 18. Kh1 Be5 19. Be3 Bd4 20. Bf4 Be5 21. Be3 Bd4 22. Bf4 1/2-1/2

[Event "Hainaut-ch"]
[Site "Manage"]
[Date "2008.08.23"]
[Round "3.6"]
[White "Krasucki, Youri"]
[Black "Remy, Joel"]
[Result "1-0"]
[WhiteElo "1938"]
[BlackElo "2064"]
[PlyCount "43"]
[EventDate "2008.08.23"]
[EventType "swiss"]
[EventRounds "9"]
[EventCountry "BEL"]
[SourceTitle "EXT 2024"]
[Source "ChessBase"]
[SourceDate "2023.10.10"]
[SourceVersion "1"]
[SourceVersionDate "2023.10.10"]
[SourceQuality "1"]

1. e4 d6 2. d4 Nf6 3. Nc3 g6 4. f4 Bg7 5. Nf3 0-0 6. Bd3 Nc6 7. 0-0 Bg4 8. e5 Nd7 9. Be3 e6 10. h3 Bxf3 11. Qxf3 d5 12. Rad1 Nb4 13. g4 Nxd3 14. cxd3 f5 15. Rd2 Rf7 16. Rh2 Bf8 17. Kh1 Be7 18. h4 Nf8 19. Rg1 c6 20. h5 g5 21. fxg5 Bxg5 22. Bxg5 1-0

[Event "BEL-ch U20/U18"]
[Site "Ostend"]
[Date "2008.04.02"]
[Round "4"]
[White "Krasucki, Youri"]
[Black "Van Praet, Reinald"]
[Result "0-1"]
[WhiteElo "2061"]
[BlackElo "1955"]
[PlyCount "58"]
[EventDate "2008.03.31"]
[EventType "swiss"]
[EventRounds "9"]
[EventCountry "BEL"]
[SourceTitle "EXT 2019"]
[Source "ChessBase"]
[SourceDate "2018.10.10"]
[SourceVersion "1"]
[SourceVersionDate "2018.10.10"]
[SourceQuality "1"]

1. e4 c5 2. Nc3 Nc6 3. g3 g6 4. Bg2 Bg7 5. d3 d6 6. Be3 Nf6 7. h3 0-0 8. Qd2 Nd4 9. Nce2 Nd7 10. c3 Nc6 11. g4 e5 12. Ng3 Rb8 13. h4 b5 14. h5 Nb6 15. f3 b4 16. Bf1 bxc3 17. bxc3 Na4 18. hxg6 fxg6 19. Qh2 Kf7 20. Bh6 Rh8 21. Bxg7 Kxg7 22. Qh6+ Kf7 23. Nh3 Qf8 24. Qd2 Kg7 25. Qc2 Qxf3 26. Qxa4 Qxg3+ 27. Nf2 Rf8 28. Qc2 Bxg4 29. Qd2 h5 0-1

[Event "BEL-ch op"]
[Site "Namur"]
[Date "2007.07.06"]
[Round "7.9"]
[White "Krasucki, Youri"]
[Black "Larmuseau, Maarten"]
[Result "0-1"]
[WhiteElo "2012"]
[BlackElo "2048"]
[PlyCount "84"]
[EventDate "2007.06.30"]
[EventType "swiss"]
[EventRounds "9"]
[EventCountry "BEL"]
[SourceTitle "CBM 119 Extra"]
[Source "ChessBase"]
[SourceDate "2007.09.04"]
[SourceVersion "1"]
[SourceVersionDate "2007.09.04"]
[SourceQuality "1"]

1. e4 d6 2. d4 g6 3. Nc3 Bg7 4. Be3 Nd7 5. f4 c5 6. Nge2 Ngf6 7. h3 Qa5 8. Qd2 b5 9. e5 b4 10. exf6 bxc3 11. fxg7 cxd2+ 12. Bxd2 Qxd2+ 13. Kxd2 Rg8 14. Nc3 Bb7 15. Rg1 Rc8 16. dxc5 Nxc5 17. Bb5+ Kd8 18. Rae1 Ne6 19. Ne2 Rxg7 20. c3 Bd5 21. b3 a6 22. Bd3 Nc5 23. Nd4 Nxd3 24. Kxd3 Kd7 25. g4 e6 26. c4 Bb7 27. b4 Rgg8 28. Nb3 f5 29. c5 Bd5 30. Rc1 fxg4 31. hxg4 Rb8 32. Kc3 Rgf8 33. Rgf1 h5 34. g5 Rbc8 35. Rcd1 h4 36. Rd3 a5 37. a3 a4 38. Nd4 dxc5 39. Nxe6 cxb4+ 40. Kd2 Kxe6 41. Re1+ Kd6 42. Re5 Rc5 0-1

[Event "Charleroi op 5th"]
[Site "Charleroi"]
[Date "2006.08.01"]
[Round "5"]
[White "Maes, Wim"]
[Black "Krasucki, Youri"]
[Result "1-0"]
[WhiteElo "2287"]
[BlackElo "2048"]
[PlyCount "47"]
[EventDate "2006.07.29"]
[EventType "swiss"]
[EventRounds "9"]
[EventCountry "BEL"]
[SourceTitle "CBM 113 Extra"]
[Source "ChessBase"]
[SourceDate "2006.09.14"]
[SourceVersion "1"]
[SourceVersionDate "2006.09.14"]
[SourceQuality "1"]

1. e4 e6 2. d3 d5 3. Nd2 Nf6 4. Ngf3 b6 5. c3 c5 6. Be2 Qc7 7. 0-0 Nc6 8. Re1 Bd6 9. Bf1 0-0 10. g3 Ba6 11. e5 Nxe5 12. Nxe5 Bxe5 13. d4 cxd4 14. cxd4 Bxd4 15. Bxa6 Qc5 16. Qe2 Ng4 17. Rf1 Nxf2 18. Rxf2 b5 19. Nb3 Bxf2+ 20. Qxf2 Qc6 21. Nc5 d4 22. b4 Rab8 23. Qg2 Qd6 24. Bb2 1-0

[Event "Charleroi op 5th"]
[Site "Charleroi"]
[Date "2006.07.30"]
[Round "2"]
[White "Krasucki, Youri"]
[Black "Leitao, Rafael Duailibe"]
[Result "0-1"]
[WhiteElo "2048"]
[BlackElo "2598"]
[PlyCount "34"]
[EventDate "2006.07.29"]
[EventType "swiss"]
[EventRounds "9"]
[EventCountry "BEL"]
[SourceTitle "CBM 113 Extra"]
[Source "ChessBase"]
[SourceDate "2006.09.14"]
[SourceVersion "1"]
[SourceVersionDate "2006.09.14"]
[SourceQuality "1"]

1. e4 c5 2. Bc4 e6 3. Qe2 Nc6 4. c3 g6 5. f4 Bg7 6. Bb3 Nge7 7. d3 d5 8. e5 f6 9. Nf3 fxe5 10. fxe5 0-0 11. Nbd2 Qc7 12. d4 cxd4 13. cxd4 Nf5 14. Qd3 Qb6 15. Nf1 Nfxd4 16. Be3 Nxf3+ 17. gxf3 Nxe5 0-1

[Event "Charleroi op 4th"]
[Site "Charleroi"]
[Date "2005.08.02"]
[Round "5"]
[White "Krasucki, Youri"]
[Black "Miceli, Gaetan"]
[Result "0-1"]
[WhiteElo "2026"]
[BlackElo "1837"]
[PlyCount "63"]
[EventDate "2005.07.30"]
[EventType "swiss"]
[EventRounds "9"]
[EventCountry "BEL"]
[SourceTitle "EXT 2006"]
[Source "ChessBase"]
[SourceDate "2005.11.24"]
[SourceVersion "1"]
[SourceVersionDate "2005.11.24"]
[SourceQuality "1"]

1. e4 c5 2. Nc3 Nc6 3. g3 g6 4. Bg2 Bg7 5. Nge2 e6 6. d3 Nge7 7. Be3 Nd4 8. Qd2 0-0 9. 0-0 Rb8 10. Nd1 Nxe2+ 11. Qxe2 b6 12. Qd2 d5 13. Bh6 dxe4 14. Bxg7 Kxg7 15. Qc3+ Qd4 16. dxe4 Ba6 17. Re1 Qxc3 18. Nxc3 Rfd8 19. Rad1 Nc6 20. Rxd8 Rxd8 21. Rd1 Rxd1+ 22. Nxd1 Nb4 23. Ne3 Nxa2 24. c3 Nc1 25. f4 h5 26. f5 Kf6 27. fxe6 Kxe6 28. Nd5 Kd6 29. b4 cxb4 30. Nxb4 Bb5 31. c4 Bxc4 32. Nc6 0-1

[Event "La Fere op 4th"]
[Site "La Fere"]
[Date "2005.07.04"]
[Round "4"]
[White "Krasucki, Youri"]
[Black "Velikov, Petar"]
[Result "0-1"]
[WhiteElo "2026"]
[BlackElo "2422"]
[PlyCount "54"]
[EventDate "2005.07.02"]
[EventType "swiss"]
[EventRounds "9"]
[EventCountry "FRA"]
[SourceTitle "CBM 107 Extra"]
[Source "ChessBase"]
[SourceDate "2005.09.01"]
[SourceVersion "1"]
[SourceVersionDate "2005.09.01"]
[SourceQuality "1"]

1. e4 c5 2. Nc3 e6 3. g3 Nc6 4. Bg2 Nge7 5. Nge2 Nd4 6. d3 Nec6 7. Be3 Be7 8. 0-0 0-0 9. f4 d6 10. Qd2 Rb8 11. Rf2 Bf6 12. Raf1 b5 13. e5 dxe5 14. Bxc6 Nxc6 15. Bxc5 Be7 16. Bxe7 Qxe7 17. Qe3 exf4 18. Nxf4 b4 19. Ne4 Rb5 20. Rd2 e5 21. Nh5 f5 22. Rdf2 g6 23. Qh6 Rb6 24. g4 Nd4 25. Nhg3 f4 26. g5 Kh8 27. c3 Ne6 0-1

[Event "BEL-ch U16"]
[Site "Worriken Buetgenbach"]
[Date "2004.04.11"]
[Round "9.4"]
[White "Krasucki, Youri"]
[Black "Detienne, Stephane"]
[Result "0-1"]
[WhiteElo "1846"]
[BlackElo "1601"]
[PlyCount "74"]
[EventDate "2004.04.03"]
[EventType "swiss"]
[EventRounds "9"]
[EventCountry "BEL"]
[SourceTitle "EXT 2006"]
[Source "ChessBase"]
[SourceDate "2005.11.24"]
[SourceVersion "1"]
[SourceVersionDate "2005.11.24"]
[SourceQuality "1"]

1. d4 g6 2. Nf3 Nf6 3. Bg5 Bg7 4. Nbd2 d5 5. e3 h6 6. Bh4 g5 7. Bg3 Nh5 8. Be5 f6 9. Bd3 Be6 10. Bg3 Nxg3 11. hxg3 Bf7 12. c4 c6 13. Rc1 e6 14. cxd5 exd5 15. Qe2 0-0 16. Bb1 Be6 17. Bg6 f5 18. Ne5 Nd7 19. Nxd7 Bxd7 20. Nf3 Qa5+ 21. Kf1 Qxa2 22. Nxg5 hxg5 23. Rh8+ Bxh8 24. Qh5 Rf6 25. Qh7+ Kf8 26. Qxh8+ Ke7 27. Qg7+ Ke6 28. Bf7+ Kd6 29. Qxf6+ Kc7 30. Qe5+ Kb6 31. Qe7 Qxb2 32. Rc5 Qd2 33. Bh5 g4 34. Kg1 Qe1+ 35. Kh2 Rh8 36. Rb5+ Kxb5 37. Qc5+ Ka6 0-1

[Event "BEL-ch U16"]
[Site "Worriken Buetgenbach"]
[Date "2004.04.07"]
[Round "5.7"]
[White "Krasucki, Youri"]
[Black "De Bisscop, Maxim"]
[Result "1-0"]
[WhiteElo "1846"]
[BlackElo "1444"]
[PlyCount "43"]
[EventDate "2004.04.03"]
[EventType "swiss"]
[EventRounds "9"]
[EventCountry "BEL"]
[SourceTitle "EXT 2006"]
[Source "ChessBase"]
[SourceDate "2005.11.24"]
[SourceVersion "1"]
[SourceVersionDate "2005.11.24"]
[SourceQuality "1"]

1. e4 e5 2. Nf3 Nc6 3. d4 exd4 4. Nxd4 Nf6 5. Nxc6 bxc6 6. e5 Nd5 7. c4 Nb6 8. Nd2 Bc5 9. Bd3 d6 10. exd6 Bxd6 11. Be4 Bd7 12. 0-0 Qh4 13. Nf3 Qe7 14. Re1 0-0-0 15. Qc2 Qf8 16. Nd4 Re8 17. Be3 Nxc4 18. Qxc4 Rxe4 19. Qa6+ Kd8 20. Bg5+ Re7 21. Bxe7+ Bxe7 22. Rad1 1-0

[Event "BEL-ch U16"]
[Site "Worriken Buetgenbach"]
[Date "2004.04.05"]
[Round "3.14"]
[White "Krasucki, Youri"]
[Black "George, Maxime"]
[Result "1-0"]
[WhiteElo "1846"]
[BlackElo "1282"]
[PlyCount "153"]
[EventDate "2004.04.03"]
[EventType "swiss"]
[EventRounds "9"]
[EventCountry "BEL"]
[SourceTitle "EXT 2006"]
[Source "ChessBase"]
[SourceDate "2005.11.24"]
[SourceVersion "1"]
[SourceVersionDate "2005.11.24"]
[SourceQuality "1"]

1. e4 e5 2. Nf3 Nc6 3. d4 exd4 4. Nxd4 Nxd4 5. Qxd4 c5 6. Qd1 b6 7. Bc4 Bb7 8. Nc3 d6 9. 0-0 Nf6 10. Bg5 Be7 11. Re1 0-0 12. f4 Nd7 13. Bxe7 Qxe7 14. Nd5 Qd8 15. Qf3 Re8 16. Rad1 a6 17. Qg3 b5 18. Be2 Bxd5 19. exd5 Nf6 20. Bf3 Qa5 21. a3 h6 22. f5 Nh7 23. Kf2 Rxe1 24. Rxe1 Qd2+ 25. Re2 Qd4+ 26. Ke1 Qxb2 27. Qxd6 Qa1+ 28. Kf2 Qd4+ 29. Kg3 Ng5 30. Qc6 Rb8 31. d6 Nxf3 32. gxf3 Qg1+ 33. Rg2 Qe1+ 34. Kh3 Qe5 35. Qd7 Qf4 36. Rg3 Qe5 37. Rg1 Qe8 38. Qe7 Rd8 39. f6 Qd7+ 40. Qxd7 Rxd7 41. Rxg7+ Kh8 42. Kh4 b4 43. a4 c4 44. Rg4 Rxd6 45. Rxc4 Rxf6 46. Rxb4 Rxf3 47. Rc4 Kg7 48. h3 Rf6 49. Kg4 Kg6 50. Rc5 Re6 51. a5 f6 52. h4 Re4+ 53. Kg3 h5 54. Rc6 Re2 55. Rxa6 Rxc2 56. Ra8 Ra2 57. a6 Ra3+ 58. Kf2 f5 59. a7 Kg7 60. Kg2 Ra4 61. Kf3 Kh7 62. Kg3 Kg7 63. Kf3 Kh7 64. Ke3 Kg7 65. Kf2 Kf7 66. Rh8 Kf6 67. a8Q Rxa8 68. Rxa8 f4 69. Kf3 Kf5 70. Ra5+ Kg6 71. Kxf4 Kh6 72. Ra6+ Kg7 73. Kf5 Kh7 74. Kg5 Kg7 75. Ra7+ Kh8 76. Kg6 Kg8 77. Ra8# 1-0

[Event "BEL-ch U16"]
[Site "Worriken Buetgenbach"]
[Date "2004.04.04"]
[Round "2.9"]
[White "Devriendt, Jo"]
[Black "Krasucki, Youri"]
[Result "1-0"]
[WhiteElo "1805"]
[BlackElo "1846"]
[PlyCount "41"]
[EventDate "2004.04.03"]
[EventType "swiss"]
[EventRounds "9"]
[EventCountry "BEL"]
[SourceTitle "EXT 2006"]
[Source "ChessBase"]
[SourceDate "2005.11.24"]
[SourceVersion "1"]
[SourceVersionDate "2005.11.24"]
[SourceQuality "1"]

1. e4 e6 2. d3 d5 3. Nd2 c5 4. g3 Nf6 5. Bg2 Nc6 6. Ngf3 Be7 7. 0-0 0-0 8. Re1 b5 9. e5 Nd7 10. Nf1 a5 11. h4 Ba6 12. N1h2 b4 13. Bf4 c4 14. d4 Nb6 15. Ng5 Na4 16. Qh5 Bxg5 17. hxg5 Nxd4 18. Ng4 g6 19. Qh3 Re8 20. Rad1 Nxc2 21. Qh6 1-0

[Event "BEL-ch U16"]
[Site "Worriken Buetgenbach"]
[Date "2004.04.03"]
[Round "1.3"]
[White "Krasucki, Youri"]
[Black "Kairet, Koen"]
[Result "0-1"]
[WhiteElo "1846"]
[BlackElo "1540"]
[PlyCount "84"]
[EventDate "2004.04.03"]
[EventType "swiss"]
[EventRounds "9"]
[EventCountry "BEL"]
[SourceTitle "EXT 2006"]
[Source "ChessBase"]
[SourceDate "2005.11.24"]
[SourceVersion "1"]
[SourceVersionDate "2005.11.24"]
[SourceQuality "1"]

1. e4 e5 2. Nf3 Nf6 3. d4 exd4 4. e5 Nd5 5. Nxd4 Nc6 6. Nxc6 dxc6 7. g3 g5 8. c4 Bb4+ 9. Bd2 Bxd2+ 10. Qxd2 Nb6 11. Qxd8+ Kxd8 12. Nc3 Be6 13. 0-0-0+ Ke7 14. b3 Nd7 15. f4 gxf4 16. gxf4 Rad8 17. Rg1 Nc5 18. Rxd8 Rxd8 19. Rg3 Bf5 20. Rg5 Bg6 21. f5 f6 22. Rg3 Bxf5 23. Rf3 Bg6 24. exf6+ Kf7 25. h3 Nd3+ 26. Bxd3 Rxd3 27. Rxd3 Bxd3 28. Kd2 Bf5 29. h4 Kxf6 30. Ke3 Ke5 31. Ne2 c5 32. Nc3 c6 33. Na4 b6 34. Nc3 Bc2 35. Na4 Kf5 36. Kf3 Be4+ 37. Kg3 h5 38. Nc3 Bd3 39. Kf3 b5 40. cxb5 cxb5 41. Ke3 Bf1 42. Kf2 b4 0-1

[Event "Bethune op-B 23th"]
[Site "Bethune"]
[Date "2002.12.29"]
[Round "6"]
[White "Dubois, Philippe"]
[Black "Krasucki, Youri"]
[Result "1-0"]
[WhiteElo "1610"]
[BlackElo "1517"]
[PlyCount "83"]
[EventDate "2002.12.26"]
[EventType "swiss"]
[EventRounds "7"]
[EventCountry "FRA"]
[SourceTitle "CBM 091 Extra"]
[Source "ChessBase"]
[SourceDate "2003.01.09"]
[SourceVersion "1"]
[SourceVersionDate "2003.01.09"]
[SourceQuality "1"]

1. e4 e6 2. d4 d5 3. e5 c5 4. c3 Nc6 5. Nf3 Qb6 6. Be2 cxd4 7. cxd4 Nh6 8. Nc3 Nf5 9. Na4 Bb4+ 10. Bd2 Qa5 11. Bc3 b5 12. a3 Bxc3+ 13. Nxc3 b4 14. axb4 Qxb4 15. Qa4 Bd7 16. Qxb4 Nxb4 17. 0-0 0-0 18. g4 Ne7 19. Rfc1 Rfc8 20. Bb5 Bxb5 21. Nxb5 Rxc1+ 22. Rxc1 Rc8 23. Ra1 a6 24. Nd6 Rc2 25. Nb7 Rxb2 26. Nc5 Nec6 27. Nxa6 Nd3 28. Nc5 h6 29. Nxd3 Rb3 30. Nde1 Kh7 31. Rc1 Nb4 32. Kg2 Kg6 33. Rc7 Nd3 34. Nxd3 Rxd3 35. h4 h5 36. gxh5+ Kxh5 37. Rxf7 Kg6 38. Re7 Kf5 39. Rxg7 Ke4 40. Rg4+ Kf5 41. Rg3 Kf4 42. Ng5 1-0